[Event "Pohar mesta Ricany 2010 - cena Klidneho mesta"]
[Site "http://www.openricany.cz"]
[Date "2010.08.22"]
[Round "3.14"]
[White "Prochazka, Petr"]
[Black "Wasserbauer, Radek"]
[Result "0-1"]
[WhiteElo "1987"]
[BlackElo "2066"]

1. e4 e5 2. Nf3 d6 3. d4 Nd7 4. dxe5 dxe5 5. Bc4 c6 6. O-O h6 7. Be3 Ngf6
8. Qd3 Be7 9. h3 O-O 10. Rd1 Qc7 11. Nbd2 Nc5 12. Qc3 Na4 13. Qxe5 Qxe5 14. Nxe5
Nxb2 15. Ng6 Re8 16. Nxe7+ Rxe7 17. e5 Nd7 18. e6 fxe6 19. Re1 Nxc4 20. Nxc4 b6
21. Rad1 Ba6 22. Nd6 Nf6 23. Bd4 Nd5 24. c4 Rd8 25. Be5 Nb4 26. Nf5 Red7
27. Rxd7 Rxd7 28. Nxg7 Nd3 29. Nh5 Kf7 30. Re3 Nxe5 31. Rxe5 Bxc4 32. a3 Rd5
33. Re4 Rxh5 34. Rxc4 c5 35. Rc3 Kf6 36. Rf3+ Rf5 37. Rc3 Ke5 38. g4 Rf4
39. Re3+ Re4 40. Rc3 Kd4 41. Rg3 c4 42. Kh2 c3 43. h4 c2 44. Rg1 Kd3 45. g5
Rxh4+ 0-1

[Event "Pohar mesta Ricany 2010 - cena Klidneho mesta"]
[Site "http://www.openricany.cz"]
[Date "2010.08.22"]
[Round "3.30"]
[White "Macek, Kamil"]
[Black "Ruzicka, Vaclav st."]
[Result "1/2-1/2"]
[WhiteElo "1953"]
[BlackElo "1682"]

1. e4 e5 2. Nf3 Nf6 3. Nxe5 d6 4. Nf3 Nxe4 5. Nc3 Nf6 6. d4 Be7 7. Bg5 Nbd7
8. Qd2 h6 9. Be3 Nb6 10. d5 c6 11. dxc6 bxc6 12. O-O-O Nfd5 13. Bd4 O-O 14. h3
Be6 15. g4 c5 16. Be3 Nxe3 17. fxe3 Rb8 18. e4 Nc4 19. Bxc4 Bxc4 20. e5 Qb6
21. b3 dxe5 22. Kb1 Rfd8 23. Qe3 Bf6 24. Rxd8+ Rxd8 25. Na4 Qb5 26. Re1 e4
27. Qxe4 Bd5 28. Qe3 c4 29. Nd4 Qb4 30. Rd1 cxb3 31. axb3 Bc6 32. c3 Qb8 33. Kc2
Bxa4 34. bxa4 Rc8 35. Rb1 Qh2+ 36. Kd3 Qd6 1/2-1/2

[Event "Pohar mesta Ricany 2010 - cena Klidneho mesta"]
[Site "http://www.openricany.cz"]
[Date "2010.08.22"]
[Round "3.27"]
[White "Plasil, Petr"]
[Black "Schmalz, Michal"]
[Result "0-1"]
[WhiteElo "1859"]
[BlackElo "1985"]

1. g3 Nf6 2. Bg2 g6 3. d3 Bg7 4. Nd2 O-O 5. e3 d5 6. Ne2 c5 7. O-O b6 8. h3 Bb7
9. f4 Nbd7 10. f5 e5 11. g4 g5 12. d4 e4 13. Nb3 Qc7 14. Bd2 Rfd8 15. Be1 Bf8
16. Bg3 Bd6 17. Qe1 Ba6 18. Bxd6 Qxd6 19. Qf2 Kf8 20. Rfe1 Bxe2 21. Qxe2 c4
22. Nc1 Ke7 23. Bf1 h5 24. gxh5 Rh8 25. Qg2 Rxh5 26. Ne2 Rah8 27. Qg3 g4
28. hxg4 Nxg4 29. Qxd6+ Kxd6 30. Ng3 Rg5 31. Bg2 Rhg8 32. Nf1 Rxf5 33. Re2 Rfg5
34. c3 f5 35. Rc2 Ndf6 36. b3 Nh5 37. bxc4 dxc4 38. Re1 f4 39. exf4 Nxf4
40. Rxe4 Nxg2 41. Rxg2 Nf6 42. Re2 Nd5 43. Rxg5 Rxg5+ 44. Kf2 Rf5+ 45. Ke1 Nxc3
46. Rc2 Nd5 47. Nd2 b5 48. Ne4+ Kc6 49. a4 Nb4 50. axb5+ Kd5 51. Re2 Kxd4
52. Nd6 Rc5 53. Rd2+ Nd3+ 54. Ke2 Re5+ 55. Kd1 Re1+ 56. Kc2 0-1

[Event "Pohar mesta Ricany 2010 - cena Klidneho mesta"]
[Site "http://www.openricany.cz"]
[Date "2010.08.22"]
[Round "3.12"]
[White "Vorackova, Jarmila"]
[Black "Postupa, Pavel jun."]
[Result "0-1"]
[WhiteElo "1932"]
[BlackElo "2149"]

1. d4 Nf6 2. c4 g6 3. Nc3 d5 4. cxd5 Nxd5 5. e4 Nxc3 6. bxc3 Bg7 7. Bc4 c5
8. Ne2 O-O 9. O-O Nc6 10. Be3 Bd7 11. Qd2 Qa5 12. Qc1 cxd4 13. cxd4 b5 14. Bd3
Rac8 15. Qb2 a6 16. f4 Rfd8 17. e5 Bg4 18. f5 Nxe5 19. Nf4 Nxd3 20. Nxd3 Qc3
21. Qb3 Qxb3 22. axb3 Be2 23. Nb4 Bxf1 24. Kxf1 Bxd4 25. Re1 Bc3 0-1

[Event "Pohar mesta Ricany 2010 - cena Klidneho mesta"]
[Site "http://www.openricany.cz"]
[Date "2010.08.22"]
[Round "3.13"]
[White "Postupa, Pavel sen."]
[Black "Suchomel, Ales"]
[Result "1/2-1/2"]
[WhiteElo "2072"]
[BlackElo "1926"]

1. e4 c5 2. Nf3 e6 3. d4 cxd4 4. Nxd4 a6 5. c4 Nf6 6. Nc3 Bb4 7. Bd3 Nc6 8. Ne2
d5 9. O-O dxe4 10. Bxe4 O-O 11. Bxc6 bxc6 12. Qa4 Qb6 13. a3 Be7 14. Qc2 Bb7
15. Na4 Qc7 16. c5 Nd5 17. Bd2 Bf6 18. Nb6 Nxb6 19. Ba5 Qe5 20. Bxb6 Qxb2
21. Qxb2 Bxb2 22. Rab1 Be5 23. f4 Bf6 24. Bc7 Bc8 25. Rfd1 a5 26. Nd4 Bxd4+
27. Rxd4 Ba6 28. Rd6 Rfc8 29. Rxc6 h6 30. Rxa6 Rxa6 31. Bb6 a4 32. Kf2 Kf8
33. Ke3 Ke7 34. Kd3 f6 35. Kc4 Raa8 36. f5 Rc6 37. g4 e5 38. Kd3 {dale
necitelne} 1/2-1/2

[Event "Pohar mesta Ricany 2010 - cena Klidneho mesta"]
[Site "http://www.openricany.cz"]
[Date "2010.08.22"]
[Round "3.16"]
[White "Kohout, Vratislav"]
[Black "Kaiser, Rudolf"]
[Result "1-0"]
[WhiteElo "2199"]
[BlackElo "1941"]

1. Nf3 f5 2. e4 fxe4 3. Ng5 d5 4. d3 Qd6 5. dxe4 h6 6. Nh3 dxe4 7. Qe2 Nf6
8. Nc3 Bg4 9. f3 Bxh3 10. gxh3 exf3 11. Qxf3 Nc6 12. Be3 O-O-O 13. Bg2 Qb4
14. O-O e6 15. a3 Qc4 16. Qf2 a6 17. Rfe1 Bd6 18. Bf1 Ng4 19. Bxc4 Nxf2
20. Bxe6+ Kb8 21. Bxf2 Ne5 22. Bd5 Rhf8 23. Kg2 Ng6 24. Bg3 Bxg3 25. hxg3 c6
26. Bf3 Rd2+ 27. Re2 Rfd8 28. Re1 Ne5 29. Rxd2 1-0

[Event "Pohar mesta Ricany 2010 - cena Klidneho mesta"]
[Site "http://www.openricany.cz"]
[Date "2010.08.22"]
[Round "3.22"]
[White "Mejzr, Jan"]
[Black "Matejovsky, Ondrej"]
[Result "1-0"]
[WhiteElo "1863"]
[BlackElo "2037"]

1. e4 e5 2. Nf3 Nf6 3. Nc3 Nc6 4. d3 d5 5. Nxd5 Nxd5 6. exd5 Qxd5 7. Be2 Bc5
8. O-O O-O 9. a3 Bg4 10. b4 Bb6 11. c4 Qd6 12. c5 Bxc5 13. bxc5 Qxc5 14. Be3 Qd6
15. Qc2 Rfd8 16. Rfd1 f5 17. h3 Bh5 18. Bc5 Qf6 19. Rab1 b6 20. Be3 f4 21. Bc1
Kh8 22. Bb2 Bf7 23. Rbc1 Bd5 24. Qc3 Re8 25. Re1 Qg6 26. Nh4 Qg5 27. Bf3 Bxf3
28. Nxf3 1-0

[Event "Pohar mesta Ricany 2010 - cena Klidneho mesta"]
[Site "http://www.openricany.cz"]
[Date "2010.08.22"]
[Round "3.9"]
[White "Hulin, Petr"]
[Black "Rehorek, Martin"]
[Result "0-1"]
[WhiteElo "2037"]
[BlackElo "2280"]

1. d4 Nf6 2. c4 e6 3. Nf3 c5 4. d5 b5 5. Bg5 exd5 6. cxd5 d6 7. e4 a6 8. a4 b4
9. Nbd2 Be7 10. Bf4 O-O 11. Be2 Nh5 12. Be3 f5 13. exf5 Bxf5 14. O-O Bg6 15. Nc4
Nf4 16. Bxf4 Rxf4 17. Qd2 Rf8 18. Rae1 Ra7 19. Qe3 Bf7 20. Bd3 Bf6 21. Qe4 g6
22. Nfd2 Re7 23. Qf3 Rxe1 24. Rxe1 Nd7 25. b3 Bd4 26. Re2 Nf6 27. Be4 Kg7
28. Qg3 Nxd5 29. Nxd6 Nc3 30. Re1 Bxb3 31. Nf5+ Kh8 32. Nxb3 gxf5 33. Bf3 Re8
0-1

[Event "Pohar mesta Ricany 2010 - cena Klidneho mesta"]
[Site "http://www.openricany.cz"]
[Date "2010.08.22"]
[Round "3.45"]
[White "Forman, Miroslav"]
[Black "Berg, Antonin"]
[Result "1-0"]
[WhiteElo "1891"]
[BlackElo "1842"]

1. g4 d5 2. Bg2 Bxg4 3. c4 e6 4. cxd5 exd5 5. Qb3 Nf6 6. Nc3 Nbd7 7. Nxd5 Nc5
8. Qe3+ Be7 9. Nxf6+ gxf6 10. b4 Nd7 11. Bb2 Be6 12. a3 c6 13. Nf3 Rg8 14. Rg1
Bd5 15. Qf4 Bxf3 16. Qxf3 Qc7 17. Qh3 O-O-O 18. b5 c5 19. a4 Kb8 20. a5 Ne5
21. Bc3 Qd7 22. Qxh7 Rg6 23. f4 Nc4 24. Qxf7 Rdg8 25. Kf2 Ne5 26. Qb3 Ng4+
27. Ke1 Nxh2 28. b6 a6 29. e3 Rxg2 30. Qxg8+ Rxg8 31. Rxg8+ Bd8 32. Bxf6 Nf3+
33. Kf2 Qxd2+ 34. Kg3 1-0

[Event "Pohar mesta Ricany 2010 - cena Klidneho mesta"]
[Site "http://www.openricany.cz"]
[Date "2010.08.22"]
[Round "3.17"]
[White "Ries  Vilem"]
[Black "Vanka Miloslav"]
[Result "0-1"]
[WhiteElo "1940"]
[BlackElo "2189"]

1. e4 c5 2. Nf3 Nc6 3. d4 cxd4 4. Nxd4 e5 5. Nb5 d6 6. a4 Be6 7. N1c3 Rc8
8. Be3 a6 9. Na3 Nf6 10. Be2 Be7 11. O-O O-O 12. f4 exf4 13. Bxf4 Qb6+ 14. Kh1
Qxb2 15. Qd2 Ne5 16. Nd5 Bxd5 17. exd5 Qc3 18. Rfb1 Qxd2 19. Bxd2 Rb8 20. Rb3
Ned7 21. Bf3 Nc5 22. Re3 Rfe8 23. Nc4 Bf8 24. a5 Nce4 25. Bc1 Rbc8 26. Ra4 Nc3
0-1

[Event "Pohar mesta Ricany 2010 - cena Klidneho mesta"]
[Site "http://www.openricany.cz"]
[Date "2010.08.22"]
[Round "3.8"]
[White "Sodoma, Jan"]
[Black "Koper Stefan"]
[Result "1-0"]
[WhiteElo "2364"]
[BlackElo "2020"]

1. d4 g6 2. e4 Bg7 3. Nc3 e6 4. Be3 d5 5. Qd2 c6 6. Nf3 Nd7 7. Be2 Ndf6 8. e5
Nd7 9. O-O h6 10. g3 Ne7 11. Nh4 Nf5 12. Nxf5 exf5 13. b3 Nf8 14. Na4 Ne6 15. c4
Nc7 16. Nc5 b6 17. Nd3 Be6 18. Rac1 a5 19. Rc2 g5 20. a4 Bf8 21. Bf3 Na6 22. Bg2
Be7 23. h3 h5 24. Rfc1 h4 25. cxd5 cxd5 26. Rc6 hxg3 27. fxg3 f4 28. gxf4 Bxh3
29. Bxh3 Rxh3 30. f5 Qd7 31. e6 Qd8 32. exf7+ Kf8 33. Ne5 Bd6 34. Rxd6 Qxd6
35. Bxg5 Nb4 36. f6 Qxe5 37. dxe5 Kxf7 38. Rc7+ Ke6 39. Re7+ Kf5 40. Qf4+ 1-0

[Event "Pohar mesta Ricany 2010 - cena Klidneho mesta"]
[Site "http://www.openricany.cz"]
[Date "2010.08.22"]
[Round "3.44"]
[White "Kubesa, David"]
[Black "Rydl, Jiri"]
[Result "0-1"]
[WhiteElo "1523"]
[BlackElo "1906"]

1. d4 e6 2. Nf3 d5 3. c4 c5 4. dxc5 Bxc5 5. e3 Nf6 6. Nc3 Nc6 7. cxd5 exd5
8. Bb5 O-O 9. O-O Be6 10. b3 a6 11. Bxc6 bxc6 12. Bb2 Bg4 13. h3 Bh5 14. Rc1 Bd6
15. Na4 Rc8 16. Nc5 Bxc5 17. Rxc5 Ne4 18. Rc2 Ng5 19. Qd4 Nxf3+ 20. gxf3 f6
21. Qf4 Qd7 22. Kh2 g5 23. Qg3 Qf5 24. Rfc1 Bxf3 25. Rxc6 Rxc6 26. Rxc6 d4
27. Rxa6 dxe3 28. Bc3 Be2 29. Ra5 Qxf2+ 0-1

[Event "Pohar mesta Ricany 2010 - cena Klidneho mesta"]
[Site "http://www.openricany.cz"]
[Date "2010.08.22"]
[Round "3.34"]
[White "Cerny, Michal"]
[Black "Skalicky, Tomas"]
[Result "0-1"]
[WhiteElo "1947"]
[BlackElo "1809"]

1. e4 e5 2. Nf3 Nc6 3. d4 exd4 4. Nxd4 Bc5 5. Nb3 Bb6 6. Bd3 d6 7. Nc3 Nge7
8. O-O O-O 9. Nd5 Nxd5 10. exd5 Ne5 11. Bf4 Nxd3 12. Qxd3 Qf6 13. Bc1 Bf5
14. Qd1 Qg6 15. Qf3 Be4 16. Qg3 Qxg3 17. hxg3 Bxc2 18. Bf4 Rfe8 19. Rfe1 Kf8
20. Nd2 Rxe1+ 21. Rxe1 Re8 22. Rc1 Be4 23. Nc4 Bc5 24. Ne3 Ke7 25. Rc4 Kd7
26. a3 Bd3 27. Rc3 Bg6 28. Rc4 Re4 29. Rxe4 Bxe4 30. Kf1 Bd4 31. b3 Be5 32. Ke2
Bxf4 33. gxf4 c6 34. f3 Bxd5 35. Nxd5 cxd5 36. Kd3 Ke6 37. Kd4 h5 38. g3 h4 0-1